000 00482nam a2200181Ia 4500
001 21386
005 20260306172915.0
008 260306t2009||||xx |||||||||||||| ||spa||
041 _aESP
082 _a344.83
_bC28
100 _aCarhuatocto Sandoval, Henry, 1976-
_eAUT
245 0 _aGuía de derecho ambiental:
_bdoctrina, legislación y jurisprudencia
260 _c2009
300 _a1040 páginas :
_c23 cm.
650 _aGEN
654 _aCDE
942 _cLIB
_dJUS
_fJUS
_2ddc
_n
999 _c21386
_d21386